000 00585nam a2200229Ia 4500
003 OSt
005 20220924151543.0
006 a|||||r|||| 00| 0
007 ta
008 220923b |||||||| |||| 00| 0 ara d
024 _a338189
037 _cTextual
040 _aARTS
_cARTS
_bara
041 _2ara
_aara
082 _aO28,3v467, M4
100 _aAzuddin Yusuf Au.
_9224475
245 0 _aAl-qissa fi al-Iraq
260 _c1984
650 _aARABIC FICTION
_964594
942 _hO28,3v467, M4
_cTEXL
_2CC
999 _c466969
_d466969